Romančíková, E.: Životné prostredie, ekonómia a financie. Bratislava, ECO Instrument 1997, 159 s.

Recenzia publikácie Romančíková, E.: Životné prostredie, ekonómia a financie. Bratislava, ECO Instrument 1997, 159 s. Publikácia sa skladá zo 6 kapitol. Predstavuje vhodný nástroj na zvýšenie úrovne poznania v tejto oblasti . Teoretické úvahy sú vždy doplnené rozborom ich možností praktického použit...

Descripción completa

Guardado en:
Detalles Bibliográficos
Autor principal: Maguľová, Katarína
Formato: Capítulo de libro
Lenguaje:eslovaco
Materias:
Etiquetas: Agregar Etiqueta
Sin Etiquetas, Sea el primero en etiquetar este registro!

MARC

LEADER 00000naa a2200000 4500
001 r033690
005 20230918075341.9
041 0 |a slo 
044 |a SK 
245 1 0 |a Romančíková, E.: Životné prostredie, ekonómia a financie. Bratislava, ECO Instrument 1997, 159 s.  |c Katarína Maguľová 
520 |a Recenzia publikácie Romančíková, E.: Životné prostredie, ekonómia a financie. Bratislava, ECO Instrument 1997, 159 s. Publikácia sa skladá zo 6 kapitol. Predstavuje vhodný nástroj na zvýšenie úrovne poznania v tejto oblasti . Teoretické úvahy sú vždy doplnené rozborom ich možností praktického použitia. 
610 2 0 |a recenzie 
610 2 0 |a prostredie životné 
610 2 0 |a ekonómia 
610 2 0 |a financie 
610 2 0 |a nástroje ekonomické 
610 2 0 |a ochrana prostredia životného 
610 2 0 |a regulácia 
100 1 |a Maguľová, Katarína